Wszystkie Rodzaje Kart w Fifie 22{stan na 25.02.22} - Statystyki

Ogólne statystyki
  • Ten quiz został rozwiązany 19 razy
    18 od ostatniego zresetowania
  • Średni wynik to 4 z 53
Statystyki odpowiedzi
Odpowiedź % Poprawnych
TOTY
60%
Icon
33%
MOTM
33%
Headliners
27%
Future Stars
20%
Rare Gold
20%
Rulebreaker
20%
Flashback
13%
Non Rare Gold
13%
Non Rare Silver
13%
OTW
13%
Rare Silver
13%
Record Breaker
13%
Winter Wildcard
13%
Heroes
7%
Next Generation
7%
Non Rare Bronze
7%
POTM Bundesliga
7%
POTM Eredivisie
7%
POTM LA Liga
7%
POTM Ligue 1
7%
POTM Premier League
7%
POTM Serie A
7%
Rare Bronze
7%
RTTF UCL
7%
RTTF UECL
7%
RTTF UEL
7%
Showdown
7%
Adidas Numbers Up
0%
Copa Libertadores
0%
Copa Sudamerica
0%
FGS Swap
0%
Foundations
0%
Future Stars Token
0%
Fut Versus Fire
0%
Fut Versus Ice
0%
Fut Vip
0%
Icon Swaps
0%
League Objective
0%
Objective
0%
Pro Player
0%
Showdown Boost
0%
Signature Signings
0%
TOTW Bronze
0%
TOTW Gold
0%
TOTW Silver
0%
TOTY Hounorable
0%
UCL Moments
0%
UCL TOTT
0%
UECL TOTGS
0%
Uefa Conference League
0%
UEL TOTT
0%
Winter Wildcard Token
0%
Nie znaleziono quizów pasujących do podanych kryteriów
Rozkład punktacji
Procent ludzi z każdym wynikiem
Percentyl według liczby udzielonych odpowiedzi
Twoja historia wyników
Nie rozwiązałeś tego quizu od ostatniego zresetowania